Hacia un nuevo orden monetario internacional

Saved in:
Bibliographic Details
Main Authors: Oort, Conrad J. (autor), Okita, Saburo (Author), Ungphakorn, Puey (Author), Martin, William McChesney (Author)
Format: Book
Language:Spanish
Published: Tokio Fundación Per Jacobsson 1974
Subjects:
Tags: Add Tag
No Tags, Be the first to tag this record!

MARC

LEADER 00000nam a2200000 a 4500
001 UCR8726
003 CL-VaPUC
008 980529e19741011JA |||||||||||||||||spa|d
082 0 4 |a 332.45  |b OOR  |2 21 
100 |a Oort, Conrad J.  |e autor  |9 410856 
700 0 |a Okita, Saburo  |e author  |9 410857 
700 0 |a Ungphakorn, Puey  |e author  |9 410858 
700 0 |a Martin, William McChesney  |e author  |9 410859 
245 1 0 |a Hacia un nuevo orden monetario internacional 
300 |a 123 p 
942 |c BK 
945 |d 19980529 00:00:00  |a crobeson 
260 |a Tokio  |b Fundación Per Jacobsson  |c 1974 
650 0 |a Economía financiera  |9 359635 
650 7 |a SISTEMA MONETARIO INTERNACIONAL  |2 CL-VaPUC  |9 322730 
650 7 |a CONFERENCIAS  |2 CL-VaPUC  |9 410860 
583 |a last modification  |c 19980529 00:00:00  |k Rodrigo Vera 
999 |c 270121  |d 270119 
952 |0 0  |1 0  |4 0  |6 332_450000000000000_OOR_1974  |7 0  |8 A  |9 304249  |a BIBENE  |b BIBENE  |d 2019-11-20  |i 1405748  |o 332.45 OOR 1974  |p 1405748  |r 2025-01-15  |w 2019-11-20  |y BK  |k ICO